00357 a2200133 4500000002500000100001600025110001600041245003200057250002000089260004400109264004400153942000700197999001900204 nam a22 7a 4500 a Anup Kumar a Anup Kumar aStudy of Indian Numismatics aLatest edition  bSwastik Publishers & Distributorsc2018 bSwastik Publishers & Distributorsc2018 cBK c394941d394941